000 00593cam a2200229 i 4500
001 123633
005 20230410105405.0
008 161117s2012 fr r 000 0 fre d
020 _a9782081286399
020 _a2081286394
041 0 _afre
050 1 4 _aHB 501
_bM342m 2012
100 1 _aMaris, Bernard
245 1 0 _aMarx, o Marx, pourquoi m'as-tu abandonné? /
_cBernard Maris.
260 _aParis :
_bFlammarion,
_c2012
300 _a147 p. ;
_c18 cm.
440 0 _aChamps.
_pActuel,
_v1058
650 0 _aCapitalism.
650 4 _aCapitalismo.
942 _2lcc
_cbk
946 _aJaaM
999 _c35715
_d35715